[Event "Nikaia op 25th"]
[Site "Nikaia"]
[Date "2017.08.26"]
[Round "1"]
[White "Kaloskambis, Mihail"]
[Black "Poulopoulos, Ioannis"]
[Result "0-1"]
[WhiteElo "1848"]
[BlackElo "2290"]
[PlyCount "100"]
[EventDate "2017.08.26"]
[EventType "swiss"]
[EventRounds "9"]
[EventCountry "GRE"]
[SourceTitle "CBM 180 Extra"]
[Source "ChessBase"]
[SourceDate "2017.10.06"]
[SourceVersion "1"]
[SourceVersionDate "2017.10.06"]
[SourceQuality "1"]

1. d4 Nf6 2. c4 e6 3. Nc3 Bb4 4. Qc2 0-0 5. a3 Bxc3+ 6. Qxc3 Ne4 7. Qc2 f5 8. Nh3 d6 9. f3 Nf6 10. e3 e5 11. Bd3 e4 12. Be2 exf3 13. Bxf3 c6 14. 0-0 Qe7 15. Bd2 Nbd7 16. Rae1 Ne4 17. Bc1 Ndf6 18. Nf2 Bd7 19. b4 Rae8 20. Nd3 Ng5 21. Bd1 Nfe4 22. c5 d5 23. Bh5 Ra8 24. Ne5 Be8 25. Bf3 Nxf3+ 26. gxf3 Ng5 27. Kh1 Bh5 28. Qg2 Nf7 29. Bb2 Nxe5 30. dxe5 Qe6 31. Rg1 g6 32. Qh3 Kf7 33. Rg3 Ke7 34. Qh4+ Kd7 35. Qg5 Kc7 36. Qf4 Rf7 37. Bc3 Rh8 38. Qh6 Rhf8 39. Qf4 Rh8 40. h4 h6 41. Rh3 g5 42. Qh2 g4 43. Rg3 gxf3 44. Kg1 Bg4 45. Kf2 h5 46. Rgg1 d4 47. Bd2 dxe3+ 48. Rxe3 Rd8 49. Be1 Qa2+ 50. Kg3 f4# 0-1

[Event "GRE-chT 45th"]
[Site "Achaia"]
[Date "2017.07.04"]
[Round "2.8"]
[White "Kaloskambis, Mihail"]
[Black "Petrakis, Ilias"]
[Result "1/2-1/2"]
[WhiteElo "1824"]
[BlackElo "2165"]
[PlyCount "152"]
[EventDate "2017.07.03"]
[EventType "team-swiss"]
[EventRounds "7"]
[EventCountry "GRE"]
[SourceTitle "CBM 179 Extra"]
[Source "ChessBase"]
[SourceDate "2017.08.23"]
[SourceVersion "1"]
[SourceVersionDate "2017.08.23"]
[SourceQuality "1"]
[WhiteTeam "Papagou BC"]
[BlackTeam "Irakleiou Attikis"]
[WhiteTeamCountry "GRE"]
[BlackTeamCountry "GRE"]

1. d4 g6 2. c4 Bg7 3. Nc3 d6 4. e4 Nf6 5. f3 0-0 6. Bg5 c5 7. d5 e6 8. Qd2 exd5 9. cxd5 Na6 10. h4 Nc7 11. h5 b5 12. Nxb5 Nxb5 13. Bxb5 Rb8 14. Bc4 Re8 15. hxg6 hxg6 16. Ne2 Qb6 17. Rb1 Qb4 18. Qxb4 Rxb4 19. b3 Nd7 20. Bd2 Rb8 21. Nc3 Ne5 22. Be2 Bd7 23. Kf2 f5 24. Rh4 Rec8 25. exf5 Bxf5 26. Ne4 c4 27. Rc1 cxb3 28. axb3 Rxc1 29. Bxc1 Bxe4 30. Rxe4 Rxb3 31. Ra4 Nd3+ 32. Bxd3 Rxd3 33. Be3 Rxd5 34. Rxa7 Rd3 35. Rd7 Bc3 36. Ke2 Rd5 37. g4 Bb4 38. Bh6 Bc3 39. Bf4 Bb4 40. Be3 Bc3 41. f4 Bb2 42. Kf3 Rd1 43. Ke4 Kf8 44. Bf2 Ke8 45. Rb7 Bf6 46. Bb6 d5+ 47. Ke3 Rb1 48. Rb8+ Kd7 49. Ba7 Rxb8 50. Bxb8 Ke6 51. Kd3 Bb2 52. Bc7 Bc1 53. Kd4 Bd2 54. Bb8 Bc1 55. Kd3 Bb2 56. Ba7 Bc1 57. Be3 Ba3 58. Bd2 Bb2 59. Ke3 Bf6 60. Kf3 Bd8 61. Bc3 Bc7 62. Bd4 Bd6 63. Be3 Bc7 64. Bd4 Bd6 65. Bg7 Bb4 66. Ke3 Bc5+ 67. Kd3 Bd6 68. Bh6 Bc7 69. Bg5 Bb6 70. Bh6 Bc7 71. Ke3 Bb6+ 72. Kf3 Ba5 73. Bg7 Bd8 74. Bf8 Bf6 75. Bc5 Bd8 76. Bb4 Bc7 1/2-1/2

[Event "Athens Chess Square op"]
[Site "Athens"]
[Date "2016.05.04"]
[Round "4"]
[White "Kaloskambis, Mihail"]
[Black "Delithanasis, Dimitrios"]
[Result "0-1"]
[WhiteElo "1877"]
[BlackElo "2105"]
[PlyCount "80"]
[EventDate "2016.05.02"]
[EventType "swiss"]
[EventRounds "7"]
[EventCountry "GRE"]
[SourceTitle "CBM 172 Extra"]
[Source "ChessBase"]
[SourceDate "2016.06.21"]
[SourceVersion "1"]
[SourceVersionDate "2016.06.21"]
[SourceQuality "1"]

1. d4 g6 2. c4 Nf6 3. Nc3 Bg7 4. e4 d6 5. f3 0-0 6. Be3 Na6 7. Nge2 c5 8. Qd2 cxd4 9. Nxd4 Nc5 10. Be2 a5 11. b3 Nfd7 12. 0-0 Ne5 13. Rac1 Bd7 14. h3 f5 15. exf5 gxf5 16. f4 Ng6 17. Bf3 Kh8 18. Nde2 Nh4 19. Bh5 Bc6 20. Rf2 Ne4 21. Nxe4 fxe4 22. Nd4 Bd7 23. Kh2 e5 24. fxe5 Bxe5+ 25. Kg1 Rxf2 26. Qxf2 Qe7 27. Rf1 Rg8 28. g4 Qg7 29. Kh1 Nf3 30. Nxf3 exf3 31. Rd1 Bc6 32. Bd4 Rf8 33. Bxe5 dxe5 34. Kg1 Qf6 35. Rd2 e4 36. Qc5 e3 37. Qxe3 f2+ 38. Qxf2 Qa1+ 39. Kh2 Rxf2+ 40. Rxf2 Qh1+ 0-1

[Event "Athens Chess Square op"]
[Site "Athens"]
[Date "2016.05.04"]
[Round "3"]
[White "Karagiannis, Athanasios"]
[Black "Kaloskambis, Mihail"]
[Result "0-1"]
[WhiteElo "2244"]
[BlackElo "1877"]
[PlyCount "64"]
[EventDate "2016.05.02"]
[EventType "swiss"]
[EventRounds "7"]
[EventCountry "GRE"]
[SourceTitle "CBM 172 Extra"]
[Source "ChessBase"]
[SourceDate "2016.06.21"]
[SourceVersion "1"]
[SourceVersionDate "2016.06.21"]
[SourceQuality "1"]

1. b3 e5 2. Bb2 Nc6 3. e3 Nf6 4. Bb5 Bd6 5. Na3 Be7 6. Nc4 d6 7. d4 exd4 8. Bxc6+ bxc6 9. Qxd4 c5 10. Qf4 Be6 11. 0-0-0 Qb8 12. Na5 Qb6 13. Qf3 d5 14. Nc4 Qa6 15. Ne5 0-0 16. Kb1 c4 17. Ne2 Ba3 18. Ba1 cxb3 19. axb3 Rab8 20. Nd4 c5 21. Ndc6 Rb7 22. h3 Rc8 23. Qg3 Ne8 24. Ng4 Bxg4 25. hxg4 Qxc6 26. g5 c4 27. Qh3 cxb3 28. Qxh7+ Kf8 29. cxb3 Rxb3+ 30. Ka2 Qc4 31. Rh4 Rb2+ 32. Kxa3 Qb3# 0-1

[Event "GRE-chT 42nd"]
[Site "Porto Rio"]
[Date "2014.06.28"]
[Round "1.4"]
[White "Papanikolaou, Nikos"]
[Black "Kaloskambis, Mihail"]
[Result "0-1"]
[WhiteElo "1698"]
[BlackElo "1943"]
[PlyCount "144"]
[EventDate "2014.06.28"]
[EventType "team-swiss"]
[EventRounds "7"]
[EventCountry "GRE"]
[SourceTitle "CBM 161 Extra"]
[Source "ChessBase"]
[SourceDate "2014.08.29"]
[SourceVersion "1"]
[SourceVersionDate "2014.08.29"]
[SourceQuality "1"]
[WhiteTeam "Aigialeias Interior"]
[BlackTeam "Papagou DP"]
[WhiteTeamCountry "GRE"]
[BlackTeamCountry "GRE"]

1. d4 d5 2. c4 e6 3. Nc3 c6 4. Nf3 Bd6 5. Bg5 Qa5 6. e3 Nd7 7. Bd3 f5 8. 0-0 Ngf6 9. cxd5 cxd5 10. Nb5 Bb8 11. Qc2 0-0 12. Rfc1 a6 13. Nc7 Bxc7 14. Qxc7 Qxc7 15. Rxc7 h6 16. Bf4 Ne8 17. Rc2 b6 18. Rac1 Bb7 19. h4 Ndf6 20. Ne5 Kh7 21. f3 Rd8 22. Nc6 Rc8 23. Ne5 Rxc2 24. Rxc2 Rg8 25. Nf7 g6 26. Nd8 Rg7 27. Nxe6 Re7 28. Nc7 b5 29. Kf2 Ng7 30. Be5 Nd7 31. Bf4 Nh5 32. Bd6 Rf7 33. Ne8 Nb6 34. Rc7 Kg8 35. Rxf7 Kxf7 36. Nc7 Nf6 37. b3 Nc8 38. Bf4 Ng8 39. a4 bxa4 40. bxa4 a5 41. Nb5 Nge7 42. Bxh6 Nc6 43. g4 Nb4 44. Be2 Bc6 45. Bf4 Bd7 46. Bc7 Nc6 47. Nc3 N8e7 48. Bd6 Nb4 49. Bxe7 Kxe7 50. Bb5 Be6 51. gxf5 Bxf5 52. e4 dxe4 53. fxe4 Be6 54. Kf3 Bb3 55. Kf4 Kf6 56. d5 Nc2 57. d6 Nd4 58. e5+ Ke6 59. Be8 Bc2 60. d7 Nc6 61. Kg5 Nd8 62. Nb5 Bxa4 63. Nc7+ Kxe5 64. Kxg6 Bc2+ 65. Kg5 a4 66. Nb5 Bd3 67. Na3 Ne6+ 68. Kh6 Nd8 69. h5 Bf5 70. Kg7 Kd6 71. h6 Ke7 72. Bg6 Ne6+ 0-1

[Event "GRE-chT 41st"]
[Site "Achaia"]
[Date "2013.07.03"]
[Round "2.4"]
[White "Kaloskambis, Mihail"]
[Black "Goumas, Georgios"]
[Result "0-1"]
[WhiteElo "2037"]
[BlackElo "2380"]
[PlyCount "72"]
[EventDate "2013.07.02"]
[EventType "team-swiss"]
[EventRounds "7"]
[EventCountry "GRE"]
[SourceTitle "CBM 155 Extra"]
[Source "ChessBase"]
[SourceDate "2013.08.26"]
[SourceVersion "1"]
[SourceVersionDate "2013.08.26"]
[SourceQuality "1"]
[WhiteTeam "Papagou DP"]
[BlackTeam "Nice Fysiolatris"]
[WhiteTeamCountry "GRE"]
[BlackTeamCountry "GRE"]

1. d4 d6 2. f4 Nf6 3. Nf3 g6 4. b3 Bg7 5. Bb2 0-0 6. Nbd2 Nd5 7. Nc4 Nxf4 8. Qd2 Nd5 9. e4 Nf6 10. Bd3 b5 11. Ne3 Bb7 12. d5 Nxe4 13. Qc1 Nc3 14. 0-0 Nxd5 15. Bxg7 Kxg7 16. Bxb5 Nxe3 17. Qxe3 c6 18. Bd3 Qb6 19. Nd4 e5 20. c3 exd4 21. cxd4 Nd7 22. Rf3 Rae8 23. Qf4 f5 24. Rh3 Nf6 25. Rf1 Ba6 26. Qh6+ Kg8 27. Bxa6 Qxa6 28. Rg3 Re7 29. h3 Qc8 30. Rf4 Qe6 31. Rh4 Ne4 32. Re3 g5 33. Rh5 Qxh6 34. Rxh6 f4 35. Re1 Rfe8 36. h4 Ng3 0-1

[Event "Wch Seniors 22nd"]
[Site "Kamena Vourla"]
[Date "2012.11.21"]
[Round "8"]
[White "Kaloskambis, Mihail"]
[Black "Rakhimberdiyev, Atalyk"]
[Result "0-1"]
[WhiteElo "2032"]
[BlackElo "2133"]
[PlyCount "84"]
[EventDate "2012.11.13"]
[EventType "swiss"]
[EventRounds "11"]
[EventCountry "GRE"]
[SourceTitle "CBM 151 Extra"]
[Source "ChessBase"]
[SourceDate "2012.12.18"]
[SourceVersion "1"]
[SourceVersionDate "2012.12.18"]
[SourceQuality "1"]

1. d4 c5 2. d5 d6 3. e4 e5 4. Nc3 Be7 5. Bb5+ Bd7 6. Qg4 Bxb5 7. Nxb5 Nf6 8. Qxg7 Rg8 9. Qh6 Rxg2 10. Qh3 Rg6 11. Ne2 Nxe4 12. Qxh7 Nf6 13. Qh3 Nbd7 14. c4 a6 15. Nbc3 Qb6 16. Bd2 0-0-0 17. 0-0-0 Rdg8 18. Rhg1 Ng4 19. Qh7 R8g7 20. Qh8+ Qd8 21. Qh5 Nxf2 22. Rdf1 Ng4 23. h3 Ngf6 24. Qf5 Rxg1 25. Nxg1 Qg8 26. Nge2 Qh7 27. Qf3 Qh5 28. Qxh5 Nxh5 29. Ne4 Kd8 30. Rf3 Ke8 31. Kd1 Rh7 32. a3 Nhf6 33. Ng5 Rg7 34. Ng3 b5 35. Nf5 Rg6 36. b3 Nb6 37. Re3 Nfxd5 38. Rg3 Bxg5 39. Nxd6+ Rxd6 40. Rxg5 f6 41. Rg8+ Kf7 42. Rc8 Nxc8 0-1

[Event "Wch Seniors 22nd"]
[Site "Kamena Vourla"]
[Date "2012.11.15"]
[Round "3"]
[White "Cooper, Nigel"]
[Black "Kaloskambis, Mihail"]
[Result "0-1"]
[WhiteElo "1753"]
[BlackElo "2032"]
[PlyCount "68"]
[EventDate "2012.11.13"]
[EventType "swiss"]
[EventRounds "11"]
[EventCountry "GRE"]
[SourceTitle "CBM 151 Extra"]
[Source "ChessBase"]
[SourceDate "2012.12.18"]
[SourceVersion "1"]
[SourceVersionDate "2012.12.18"]
[SourceQuality "1"]

1. d4 f5 2. g3 Nf6 3. Bg2 g6 4. Nf3 Bg7 5. 0-0 0-0 6. c4 d6 7. Nc3 Nc6 8. d5 Ne5 9. Nxe5 dxe5 10. e4 f4 11. gxf4 exf4 12. e5 Ng4 13. e6 Ne5 14. c5 f3 15. Bh3 b6 16. c6 Qe8 17. Kh1 g5 18. Rg1 Qh5 19. Ne4 h6 20. Nxg5 hxg5 21. Rxg5 Qxh3 22. Qg1 Qh7 23. Rxe5 Rf6 24. Rg5 Ba6 25. Bd2 Bd3 26. Rxg7+ Qxg7 27. Qxg7+ Kxg7 28. Bc3 Rh8 29. Rg1+ Bg6 30. Rg3 Rd8 31. Kg1 Rxd5 32. Bxf6+ exf6 33. Rxf3 Rd1+ 34. Kg2 Be4 0-1

[Event "Wch Seniors 22nd"]
[Site "Kamena Vourla"]
[Date "2012.11.13"]
[Round "1"]
[White "Suba, Mihai"]
[Black "Kaloskambis, Mihail"]
[Result "1-0"]
[WhiteElo "2418"]
[BlackElo "2032"]
[PlyCount "85"]
[EventDate "2012.11.13"]
[EventType "swiss"]
[EventRounds "11"]
[EventCountry "GRE"]
[SourceTitle "CBM 151 Extra"]
[Source "ChessBase"]
[SourceDate "2012.12.18"]
[SourceVersion "1"]
[SourceVersionDate "2012.12.18"]
[SourceQuality "1"]

1. c4 f5 2. d4 Nf6 3. g3 g6 4. Bg2 Bg7 5. Nc3 0-0 6. Nh3 Nc6 7. Rb1 a5 8. 0-0 e5 9. dxe5 Nxe5 10. b3 d6 11. Nf4 c6 12. Ba3 Nf7 13. e3 g5 14. Nfe2 Qe7 15. Qc2 Re8 16. Rbd1 Ne4 17. Bb2 Bd7 18. Nxe4 fxe4 19. Bxg7 Kxg7 20. Rd4 Bf5 21. Nc3 Rad8 22. Bxe4 Bxe4 23. Rxe4 Qf6 24. f4 g4 25. Rxe8 Rxe8 26. Qd3 Kg8 27. Rd1 Qe6 28. e4 h5 29. Qd4 Kh7 30. Qb6 Re7 31. Qxa5 c5 32. Qa3 h4 33. Nd5 hxg3 34. hxg3 Nd8 35. Rd2 Nc6 36. Rh2+ Kg7 37. Qa8 Re8 38. Qxb7+ Re7 39. Nxe7 Nxe7 40. Rh5 Qf6 41. e5 Qe6 42. Qb8 Nc8 43. Qc7+ 1-0

[Event "Athens op 03-A"]
[Site "Athens"]
[Date "2012.04.03"]
[Round "5"]
[White "Zografos, Achileas"]
[Black "Kaloskambis, Mihail"]
[Result "1-0"]
[WhiteElo "2124"]
[BlackElo "2024"]
[PlyCount "69"]
[EventDate "2012.03.06"]
[EventType "swiss"]
[EventRounds "7"]
[EventCountry "GRE"]
[SourceTitle "EXT 2014"]
[Source "ChessBase"]
[SourceDate "2013.11.20"]
[SourceVersion "1"]
[SourceVersionDate "2013.11.20"]
[SourceQuality "1"]

1. e4 c5 2. Nf3 Nc6 3. c3 e5 4. Bc4 d6 5. d3 h6 6. Nbd2 Nf6 7. Nf1 g6 8. Ng3 Bg7 9. 0-0 0-0 10. Re1 Na5 11. Bb5 a6 12. Ba4 b5 13. Bc2 Qc7 14. d4 cxd4 15. cxd4 Bg4 16. d5 Rac8 17. Bd3 Nc4 18. b3 Nb6 19. Be3 Qb7 20. Qd2 Bxf3 21. gxf3 Kh7 22. Qb4 Rfd8 23. a4 Nbxd5 24. exd5 Nxd5 25. Qe4 Rf8 26. Nf5 Rc3 27. Rad1 Qc6 28. Bb1 Nxe3 29. Nxe3 Qc8 30. Rxd6 f5 31. Qd5 Rc5 32. Qe6 bxa4 33. Qxg6+ Kg8 34. Nxf5 Rxf5 35. Bxf5 1-0

[Event "Athens op 03-A"]
[Site "Athens"]
[Date "2012.03.27"]
[Round "4"]
[White "Kaloskambis, Mihail"]
[Black "Tziallilas, Kostas"]
[Result "0-1"]
[WhiteElo "2024"]
[BlackElo "2084"]
[PlyCount "102"]
[EventDate "2012.03.06"]
[EventType "swiss"]
[EventRounds "7"]
[EventCountry "GRE"]
[SourceTitle "EXT 2014"]
[Source "ChessBase"]
[SourceDate "2013.11.20"]
[SourceVersion "1"]
[SourceVersionDate "2013.11.20"]
[SourceQuality "1"]

1. d4 Nf6 2. c4 e6 3. Nc3 Bb4 4. Qc2 d5 5. a3 Bxc3+ 6. Qxc3 0-0 7. Nf3 Nbd7 8. Bg5 c6 9. e3 Ne4 10. Bxd8 Nxc3 11. Bc7 Ne4 12. Bd3 f5 13. 0-0 Rf7 14. Ne5 Nxe5 15. Bxe5 Nd2 16. Rfd1 Nxc4 17. b3 Nxe5 18. dxe5 c5 19. f4 b6 20. a4 a5 21. Be2 Ba6 22. Bf3 Rc8 23. g4 g6 24. Kf2 Rcc7 25. h4 Rfd7 26. gxf5 gxf5 27. Rd2 Kf8 28. Rg1 Rg7 29. Rg5 h6 30. Rg2 Rxg2+ 31. Kxg2 c4 32. bxc4 Bxc4 33. Rb2 Rb7 34. Kf2 b5 35. axb5 Rxb5 36. Rc2 Ke7 37. Be2 Bxe2 38. Kxe2 Kd7 39. Kd3 a4 40. Kd4 Rb4+ 41. Kd3 Rb3+ 42. Kd4 a3 43. Rc5 Rb4+ 44. Kd3 Ra4 45. Rc1 a2 46. Ra1 Kc6 47. Kc3 d4+ 48. exd4 Kd5 49. Kb3 Rxd4 50. Rxa2 Rxf4 51. Ra5+ Ke4 0-1

[Event "GRE-chT 39th"]
[Site "Eretria"]
[Date "2011.07.04"]
[Round "3.15"]
[White "Dimopoulos, Apostolos"]
[Black "Kaloskambis, Mihail"]
[Result "0-1"]
[WhiteElo "1923"]
[BlackElo "2011"]
[PlyCount "46"]
[EventDate "2011.07.03"]
[EventType "team-swiss"]
[EventRounds "7"]
[EventCountry "GRE"]
[SourceTitle "CBM 143 Extra"]
[Source "ChessBase"]
[SourceDate "2011.08.29"]
[SourceVersion "1"]
[SourceVersionDate "2011.08.29"]
[SourceQuality "1"]
[WhiteTeam "Aigialeias Chess Union"]
[BlackTeam "Papagou"]
[WhiteTeamCountry "GRE"]
[BlackTeamCountry "GRE"]

1. e4 c5 2. Nf3 Nf6 3. Nc3 d5 4. exd5 Nxd5 5. Bc4 e6 6. 0-0 Nc6 7. Re1 Be7 8. d4 0-0 9. Na4 cxd4 10. Nxd4 Nxd4 11. Qxd4 Bf6 12. Qe4 Qa5 13. Bd3 g6 14. Bh6 Rd8 15. Rad1 Bd7 16. b3 Bc6 17. Qg4 Nc7 18. Qf4 Ne8 19. h4 Rd4 20. Be4 Rad8 21. b4 Rxd1 22. bxa5 Rxe1+ 23. Kh2 Rxe4 0-1

[Event "GRE-chT 39th"]
[Site "Eretria"]
[Date "2011.07.04"]
[Round "2.13"]
[White "Kourousis, Epaminondas"]
[Black "Kaloskambis, Mihail"]
[Result "0-1"]
[WhiteElo "2273"]
[BlackElo "2011"]
[PlyCount "69"]
[EventDate "2011.07.03"]
[EventType "team-swiss"]
[EventRounds "7"]
[EventCountry "GRE"]
[SourceTitle "CBM 143 Extra"]
[Source "ChessBase"]
[SourceDate "2011.08.29"]
[SourceVersion "1"]
[SourceVersionDate "2011.08.29"]
[SourceQuality "1"]
[WhiteTeam "Chalkidos Palamidis"]
[BlackTeam "Papagou"]
[WhiteTeamCountry "GRE"]
[BlackTeamCountry "GRE"]

1. d4 f5 2. g3 Nf6 3. Bg2 g6 4. Nf3 Bg7 5. 0-0 0-0 6. c4 d6 7. Nc3 Nc6 8. d5 Na5 9. Nd2 c5 10. e4 fxe4 11. Ncxe4 Nxe4 12. Bxe4 Bh3 13. Bg2 Qd7 14. Qe2 Rae8 15. Nb3 Nxb3 16. axb3 a6 17. Re1 Bd4 18. Be3 Bxg2 19. Kxg2 e5 20. Rad1 Bxe3 21. Qxe3 Rf5 22. b4 cxb4 23. c5 Ref8 24. Re2 Rh5 25. h4 dxc5 26. Qxc5 Qg4 27. Qe3 Rxh4 28. Kg1 Rh5 29. Rd3 Rhf5 30. f3 Qxg3+ 31. Rg2 Qh4 32. d6 Rxf3 33. Rxg6+ hxg6 34. Qxf3 Qe1+ 35. Kg2 0-1

[Event "EU-chT Seniors"]
[Site "Thessaloniki"]
[Date "2011.05.11"]
[Round "9"]
[White "Armbruester, Juergen"]
[Black "Kaloskambis, Mihail"]
[Result "1/2-1/2"]
[WhiteElo "1600"]
[BlackElo "2041"]
[PlyCount "33"]
[EventDate "2011.05.03"]
[EventType "team-swiss"]
[EventRounds "9"]
[EventCountry "GRE"]
[SourceTitle "CBM 142 Extra"]
[Source "ChessBase"]
[SourceDate "2011.06.27"]
[SourceVersion "1"]
[SourceVersionDate "2011.06.27"]
[SourceQuality "1"]
[WhiteTeam "Katernberg"]
[BlackTeam "Greece"]
[WhiteTeamCountry "GER"]
[BlackTeamCountry "GRE"]

1. e4 c5 2. Nf3 Nf6 3. Nc3 d5 4. exd5 Nxd5 5. Bb5+ Bd7 6. Ne5 Nf6 7. Nxd7 Nbxd7 8. 0-0 a6 9. Be2 e6 10. Bf3 Qc7 11. d3 Ne5 12. Ne4 Nxf3+ 13. Qxf3 Nxe4 14. Qxe4 Bd6 15. h3 0-0 16. Be3 Rad8 17. d4 1/2-1/2

[Event "EU-chT Seniors"]
[Site "Thessaloniki"]
[Date "2011.05.08"]
[Round "6"]
[White "Bapoglu, Ibrahim"]
[Black "Kaloskambis, Mihail"]
[Result "0-1"]
[WhiteElo "1828"]
[BlackElo "2041"]
[PlyCount "124"]
[EventDate "2011.05.03"]
[EventType "team-swiss"]
[EventRounds "9"]
[EventCountry "GRE"]
[SourceTitle "CBM 142 Extra"]
[Source "ChessBase"]
[SourceDate "2011.06.27"]
[SourceVersion "1"]
[SourceVersionDate "2011.06.27"]
[SourceQuality "1"]
[WhiteTeam "Turkey"]
[BlackTeam "Greece"]
[WhiteTeamCountry "TUR"]
[BlackTeamCountry "GRE"]

1. e4 c5 2. Nf3 Nf6 3. Nc3 d5 4. Bb5+ Bd7 5. Bxd7+ Qxd7 6. exd5 Nxd5 7. 0-0 Nc6 8. d3 e6 9. Qe2 Be7 10. Ne5 Nxe5 11. Qxe5 Bf6 12. Qg3 Nxc3 13. bxc3 Bxc3 14. Rb1 0-0 15. Rb3 Bf6 16. h4 Rad8 17. h5 b6 18. h6 g6 19. Bf4 Qd5 20. Re1 Qh5 21. a4 Rd5 22. a5 Bh4 23. Qe3 bxa5 24. Rb7 Bg5 25. Bxg5 Rxg5 26. Rxa7 Qxh6 27. Rxa5 Qh5 28. d4 Rc8 29. g3 Rf5 30. Rxc5 Rfxc5 31. dxc5 Qxc5 32. Qxc5 Rxc5 33. Rc1 e5 34. Kf1 f5 35. c4 Kf7 36. Ke2 Ke6 37. Kd3 Rc7 38. Ra1 Kd6 39. Ra5 Re7 40. Ra6+ Kc5 41. Ra5+ Kb6 42. Rb5+ Kc6 43. Ra5 Rd7+ 44. Kc3 e4 45. Ra6+ Kc5 46. Ra5+ Kb6 47. Rb5+ Kc6 48. Rb2 h5 49. Ra2 Rd3+ 50. Kb4 g5 51. Ra6+ Kb7 52. Rf6 Rf3 53. Kb5 Rxf2 54. Rf7+ Kc8 55. c5 f4 56. Kc6 fxg3 57. Rg7 Rf6+ 58. Kd5 g4 59. Rg8+ Kc7 60. Rg7+ Kd8 61. Rg8+ Kd7 62. c6+ Rxc6 0-1

[Event "Athens Smaok 1900+ op 9th"]
[Site "Athens"]
[Date "2011.02.25"]
[Round "2"]
[White "Kaloskambis, Mihail"]
[Black "Delithanasis, Dimitrios"]
[Result "1-0"]
[WhiteElo "2015"]
[BlackElo "2238"]
[PlyCount "129"]
[EventDate "2011.01.18"]
[EventType "swiss"]
[EventRounds "7"]
[EventCountry "GRE"]
[SourceTitle "EXT 2024"]
[Source "ChessBase"]
[SourceDate "2023.10.10"]
[SourceVersion "1"]
[SourceVersionDate "2023.10.10"]
[SourceQuality "1"]

1. d4 d5 2. c4 e6 3. Nc3 c6 4. Nf3 Nf6 5. Bg5 Be7 6. e3 h6 7. Bh4 Ne4 8. Bxe7 Qxe7 9. Nxe4 dxe4 10. Nd2 f5 11. Qh5+ Qf7 12. Qxf7+ Kxf7 13. Be2 Nd7 14. f3 exf3 15. Nxf3 b6 16. 0-0-0 Bb7 17. Ne5+ Nxe5 18. dxe5 Ke7 19. Bf3 Rad8 20. Kc2 g5 21. g3 Rxd1 22. Rxd1 Rd8 23. Rxd8 Kxd8 24. b4 Kc7 25. c5 Ba6 26. Kc3 Bf1 27. h4 g4 28. Bd1 Bg2 29. Bc2 Bd5 30. a3 a5 31. Kd4 axb4 32. axb4 bxc5+ 33. Kxc5 Kd7 34. Kb6 Kc8 35. Ba4 Kd7 36. Kb7 Bf3 37. Kb6 Bd5 38. b5 cxb5 39. Bxb5+ Ke7 40. Kc7 Bf3 41. Kb6 Kd8 42. Bc6 Ke7 43. Kc5 h5 44. Bb5 Be4 45. Ba4 Bb1 46. Bc6 Bc2 47. Kd4 Bb1 48. Bg2 Kd7 49. Kc5 Bd3 50. Bc6+ Ke7 51. Kd4 Be2 52. Kc3 Bf1 53. Kd2 Bc4 54. e4 f4 55. gxf4 g3 56. Ke3 Bf1 57. Kf3 g2 58. Kf2 Kf7 59. Ba4 Bd3 60. Kxg2 Bxe4+ 61. Kg3 Bd5 62. Bc2 Kg7 63. Kf2 Kh6 64. Ke3 Ba2 65. Kd4 1-0

[Event "Athens Smaok 1900+ op 9th"]
[Site "Athens"]
[Date "2011.02.22"]
[Round "6.8"]
[White "Kaloskambis, Mihail"]
[Black "Lappas, Konstantinos"]
[Result "0-1"]
[WhiteElo "2015"]
[BlackElo "1938"]
[PlyCount "120"]
[EventDate "2011.01.18"]
[EventType "swiss"]
[EventRounds "7"]
[EventCountry "GRE"]
[SourceTitle "EXT 2024"]
[Source "ChessBase"]
[SourceDate "2023.10.10"]
[SourceVersion "1"]
[SourceVersionDate "2023.10.10"]
[SourceQuality "1"]

1. d4 Nf6 2. c4 g6 3. Nc3 Bg7 4. e4 d6 5. f3 0-0 6. Bg5 a6 7. Nge2 Nc6 8. Qd2 Rb8 9. d5 Na5 10. Nd4 c5 11. dxc6 Nxc6 12. Nc2 Be6 13. Be2 Ne8 14. Be3 Ne5 15. b3 Nc7 16. Ba7 Ra8 17. Bd4 Bd7 18. f4 Nc6 19. Bxg7 Kxg7 20. 0-0 b5 21. Nd5 bxc4 22. Bxc4 Nxd5 23. Bxd5 Qb6+ 24. Kh1 Rac8 25. Rac1 a5 26. h3 Nb4 27. Na3 Qa6 28. Bc4 Qa8 29. e5 d5 30. Kh2 Qb7 31. Be2 Rxc1 32. Rxc1 Rc8 33. Rxc8 Qxc8 34. Nb1 Qc5 35. Bg4 Bxg4 36. hxg4 d4 37. Qb2 d3 38. Qc3 Qxc3 39. Nxc3 d2 40. a3 Nd5 41. Nd1 Nxf4 42. Kg3 Nd3 43. e6 fxe6 44. Kf3 Ne5+ 45. Kf4 Nc6 46. Ke3 Kf6 47. Kxd2 Kg5 48. Ne3 Kf4 49. Kd3 h5 50. gxh5 gxh5 51. Nc4 Kg3 52. Nxa5 Nxa5 53. b4 Nb7 54. a4 Nd6 55. a5 Kxg2 56. Kd4 h4 57. Kc5 h3 58. a6 Nc8 59. b5 h2 60. b6 Nxb6 0-1

[Event "Athens Smaok 1900+ op 6th"]
[Site "Athens"]
[Date "2010.06.01"]
[Round "4.12"]
[White "Lappas, Konstantinos"]
[Black "Kaloskambis, Mihail"]
[Result "0-1"]
[WhiteElo "1935"]
[BlackElo "2069"]
[PlyCount "92"]
[EventDate "2010.05.11"]
[EventType "swiss"]
[EventRounds "7"]
[EventCountry "GRE"]
[SourceTitle "EXT 2024"]
[Source "ChessBase"]
[SourceDate "2023.10.10"]
[SourceVersion "1"]
[SourceVersionDate "2023.10.10"]
[SourceQuality "1"]

1. d4 d5 2. Bg5 Bf5 3. e3 Nd7 4. Bd3 Bg6 5. c4 c6 6. Nf3 Ngf6 7. Nc3 e6 8. cxd5 exd5 9. Ne5 Qa5 10. Nxd7 Nxd7 11. a3 Bd6 12. b4 Qc7 13. Rc1 Qb8 14. f4 Bxd3 15. Qxd3 0-0 16. 0-0 f5 17. Nb1 Qe8 18. Nd2 a6 19. Nb3 Nb6 20. Na5 Qd7 21. Rf3 Rae8 22. Rh3 Re4 23. Bh4 Rfe8 24. Bf2 g6 25. Kh1 Kg7 26. Rf3 R4e7 27. Bg1 Rf7 28. Rb1 h6 29. Rbf1 Qe6 30. h4 Nc4 31. Nxc4 dxc4 32. Qc2 b5 33. h5 Rf6 34. Rh3 Qe4 35. Qc3 Qd5 36. Rff3 g5 37. fxg5 hxg5 38. h6+ Rxh6 39. Rxh6 Kxh6 40. Qc2 Kg6 41. Rh3 g4 42. Rh4 Bg3 43. Rxg4+ Kf6 44. Rxg3 Qe4 45. Qc3 Rh8+ 46. Bh2 Qb1+ 0-1

[Event "Athens Smaok 1900+ op 6th"]
[Site "Athens"]
[Date "2010.05.18"]
[Round "2.1"]
[White "Kaloskambis, Mihail"]
[Black "Kotrotsos, Vasilios"]
[Result "0-1"]
[WhiteElo "2069"]
[BlackElo "2347"]
[PlyCount "62"]
[EventDate "2010.05.11"]
[EventType "swiss"]
[EventRounds "7"]
[EventCountry "GRE"]
[SourceTitle "EXT 2024"]
[Source "ChessBase"]
[SourceDate "2023.10.10"]
[SourceVersion "1"]
[SourceVersionDate "2023.10.10"]
[SourceQuality "1"]

1. d4 Nf6 2. c4 Nc6 3. Nc3 e5 4. d5 Ne7 5. e4 Ng6 6. Be3 Bb4 7. f3 Bxc3+ 8. bxc3 d6 9. Bd3 0-0 10. Ne2 Nd7 11. g4 Qh4+ 12. Kd2 b6 13. Qe1 Nc5 14. Qg3 Ba6 15. Rhg1 Nxd3 16. Kxd3 c6 17. dxc6 Rac8 18. Qxh4 Nxh4 19. Rg3 Rxc6 20. Bd2 Bxc4+ 21. Ke3 d5 22. Re1 Rd8 23. Bc1 dxe4 24. Kxe4 f5+ 25. gxf5 Bd3+ 26. Kxe5 Re8+ 27. Kf4 Rc4+ 28. Kg5 Nxf5 29. Rg4 h6+ 30. Kh5 Rxe2 31. Rxe2 Bxe2 0-1